000 00419nam a2200181Ia 4500
001 8586
005 20260306160620.0
008 260306t1999||||xx |||||||||||||| ||spa||
041 _aESP
082 _a371.2
_bA48
100 _aAlvarado Oyarce, Otoniel
_eAUT
245 0 _aGestión educativa:
_benfoques y procesos
260 _c1999
300 _a
_c
650 _aGEN
654 _aCED
942 _cLIB
_dJUS
_fJUS
_2ddc
_n
999 _c8586
_d8586